| 000 | 02315nam a22005777a 4500 | ||
|---|---|---|---|
| 001 | 1084735992 | ||
| 003 | OCoLC | ||
| 005 | 20241110203919.0 | ||
| 006 | m o d | ||
| 007 | cr |n||||||||| | ||
| 008 | 190207s2019 nyu ob 001 0 eng d | ||
| 020 |
_z9781259835346 _q(adhesive - hard ; _qalk. paper) |
||
| 020 |
_z1259835367 _q(adhesive - hard ; _qalk. paper) |
||
| 020 |
_z9781259835353 _q(set ; _qalk. paper) |
||
| 020 |
_z1259835359 _q(set ; _qalk. paper) |
||
| 035 | _a(OCoLC)1084735992 | ||
| 040 |
_aUIU _beng _epn _cUIU _dOCLCO _dYYE |
||
| 041 | _aeng | ||
| 049 |
_aYYEA _aVZYM |
||
| 080 |
_a617 _bS-39 |
||
| 096 | _aWO 39 S399 2019 | ||
| 100 |
_9180 _aBrunicardi, F. Charles |
||
| 245 | 0 | 0 |
_aSchwartz's principles of surgery / Volume 2 _ceditor-in-chief, F. Charles Brunicardi ; associate editors, Dana K. Andersen, Timothy R. Billiar, David L. Dunn, John G. Hunter, Raphael E. Pollock, Jeffrey B. Matthews. |
| 246 | 3 | _aPrinciples of surgery. | |
| 250 | _a11th ed. | ||
| 260 |
_aNew York : _bMcGraw-Hill Education, _c[2019] |
||
| 300 |
_a1030 p. index 96 p. both volumes 2195 p. _bill |
||
| 490 | 0 | _aMcGraw-Hill's AccessSurgery. | |
| 500 | _a"Online First" chapters appear in AccessSurgery prior to publication in print later in year (viewed 2/19/2019) | ||
| 504 | _aIncludes bibliographical references and index. | ||
| 588 | 0 | _aPrint version record. | |
| 590 | _av.1 c.1 10073012 Ritt 6/13/2019 6/13/2019 $199.00 | ||
| 590 | _av.2 c.1 10073012 Ritt 6/13/2019 6/13/2019 $199.00. | ||
| 650 | 2 | _aSurgical Procedures, Operative. | |
| 650 | 0 |
_aSurgery _9103 |
|
| 650 | 0 |
_aMedicine _969 |
|
| 653 | _aმედიცინა | ||
| 653 | _aქირურგია | ||
| 653 | _aქირურგიული პროცედურები | ||
| 700 | 1 | _aBrunicardi, F. Charles. | |
| 700 |
_aAnderson, K. Dana _9182 _eEditor |
||
| 700 |
_aBilliar, R. Timothy _9183 _eEditor |
||
| 700 |
_aDunn, L. David _9184 _eEditor |
||
| 700 |
_aHunter, G. John _9185 _eEditor |
||
| 700 |
_aKao, S. Lillian _9186 _eEditor |
||
| 700 |
_aMatthews, B. Jeffrey _9187 _eEditor |
||
| 700 |
_aPollock, E. Raphael _9188 |
||
| 710 | 2 |
_aMcGraw-Hill Companies. _eEditor |
|
| 776 | 0 | 8 |
_iPrint version: _z9781259835353 _z9781259835360 _w(DLC) 2018007786 _w(OCoLC)1024084337. |
| 942 |
_2udc _cBK _e11 |
||
| 999 |
_c302 _d302 |
||